000 00295nam a22001337a 4500
008 181022b xxu||||| |||| 00| 0 eng d
020 _a9780929652337
041 _aeng
080 _a330
100 _a58
101 _aBIZ
245 _aBusiness Process Managament
_cSmith,H
942 _2udc
_cBK
999 _c50381
_d50381